Concepts of programming languages / (Record no. 7759)
[ view plain ]
| 000 -LEADER | |
|---|---|
| fixed length control field | 01033cam a22003135a 4500 |
| 008 - FIXED-LENGTH DATA ELEMENTS--GENERAL INFORMATION | |
| fixed length control field | 090530s2008 maua|||frb||| 001 0 eng d |
| 010 ## - LIBRARY OF CONGRESS CONTROL NUMBER | |
| LC control number | 2007006846 |
| 020 ## - INTERNATIONAL STANDARD BOOK NUMBER | |
| International Standard Book Number | 0321509684 |
| 020 ## - INTERNATIONAL STANDARD BOOK NUMBER | |
| International Standard Book Number | 9780321509680 |
| 020 ## - INTERNATIONAL STANDARD BOOK NUMBER | |
| International Standard Book Number | 9780321493620 |
| 020 ## - INTERNATIONAL STANDARD BOOK NUMBER | |
| International Standard Book Number | 0321493621 |
| 035 ## - SYSTEM CONTROL NUMBER | |
| System control number | (OCoLC)ocm84838716 |
| 035 ## - SYSTEM CONTROL NUMBER | |
| System control number | (OCoLC)84838716 |
| 040 ## - CATALOGING SOURCE | |
| Language of cataloging | eng |
| Modifying agency | EG-ScBUE |
| 082 04 - DEWEY DECIMAL CLASSIFICATION NUMBER | |
| Classification number | 005.13 |
| Item number | SEB |
| Edition number | 22 |
| 100 1# - MAIN ENTRY--PERSONAL NAME | |
| Personal name | Sebesta, Robert W. |
| 9 (RLIN) | 5612 |
| 245 10 - TITLE STATEMENT | |
| Title | Concepts of programming languages / |
| Statement of responsibility, etc | Robert W. Sebesta. |
| 250 ## - EDITION STATEMENT | |
| Edition statement | 8th ed.,Pearson International Edition. |
| Remainder of edition statement | . |
| 260 ## - PUBLICATION, DISTRIBUTION, ETC. (IMPRINT) | |
| Place of publication, distribution, etc | Boston : |
| Name of publisher, distributor, etc | Pearson Addison Wesley, |
| Date of publication, distribution, etc | c.2008. |
| 300 ## - PHYSICAL DESCRIPTION | |
| Extent | xvii, 745 p. : |
| Other physical details | ill. ; |
| Dimensions | 25 cm. |
| 500 ## - GENERAL NOTE | |
| General note | Index : p. 729-745. |
| 504 ## - BIBLIOGRAPHY, ETC. NOTE | |
| Bibliography, etc | Includes bibliographical references. |
| 590 ## - LOCAL NOTE (RLIN) | |
| Local note | doaa mohamed |
| 651 ## - SUBJECT ADDED ENTRY--GEOGRAPHIC NAME | |
| Source of heading or term | BUEsh |
| 653 ## - INDEX TERM--UNCONTROLLED | |
| Resource For college | Informatics and Computer Science |
| 650 #0 - SUBJECT ADDED ENTRY--TOPICAL TERM | |
| 9 (RLIN) | 5613 |
| Topical term or geographic name as entry element | Programming languages (Electronic computers) |
| Source of heading or term | BUEsh |
| 856 41 - ELECTRONIC LOCATION AND ACCESS | |
| Materials specified | Table of contents only |
| Uniform Resource Identifier | <a href="http://www.loc.gov/catdir/toc/ecip0711/2007006846.html">http://www.loc.gov/catdir/toc/ecip0711/2007006846.html</a> |
| 942 ## - ADDED ENTRY ELEMENTS (KOHA) | |
| Item type | Book - Borrowing |
| Call number prefix | 005.13SEB |
| Source of classification or shelving scheme | Dewey Decimal Classification |
| Withdrawn status | Item status | Source of classification or shelving scheme | Damaged status | Not for loan | Vendor | Home library | Current library | Shelving location | Date acquired | Source of acquisition | Total Checkouts | Full call number | Barcode | Date last seen | Date last borrowed | Koha item type | Cost, normal purchase price | Serial Enumeration / chronology |
|---|---|---|---|---|---|---|---|---|---|---|---|---|---|---|---|---|---|---|
| Dewey Decimal Classification | Baccah | Central Library | Central Library | Lower Floor | 05/02/2008 | 2 | 005.13 SEB | 000009310 | 15/07/2025 | 02/11/2008 | Book - Borrowing | |||||||
| Dewey Decimal Classification | Baccah | Central Library | Central Library | Lower Floor | 05/02/2008 | 4 | 005.13 SEB | 000009231 | 15/07/2025 | 27/10/2008 | Book - Borrowing | |||||||
| Dewey Decimal Classification | Baccah | Central Library | Central Library | Lower Floor | 05/02/2008 | 6 | 005.13 SEB | 000009954 | 15/07/2025 | 05/04/2009 | Book - Borrowing | |||||||
| Dewey Decimal Classification | Alahram | Central Library | Central Library | Lower Floor | 30/05/2009 | 1 | 005.13 SEB | 000016542 | 15/07/2025 | 18/03/2010 | Book - Borrowing | 225.00 | 366 | |||||
| Dewey Decimal Classification | Central Library | Central Library | Lower Floor | 13/08/2015 | Purchase | 005.13 SEB | 000009204 | 15/07/2025 | NB - Book (Non borrowing) |